000 00263nam a2200109Ia 4500
008 220204s9999 xx 000 0 und d
082 _a621.315
_bSMI
100 _aSmith, R L
245 0 _aElectical wiring industrial
260 _aNew York
_bVNR
_c1977
942 _cBK
999 _c27132
_d27132